Pays sans les lettres de "LAOS" - Statistiques

Statistiques générales
  • Ce quiz a été pris 30 fois
    6 depuis la dernière actualisation
  • Le résultat moyen est 8 sur 16
Statistiques - réponses
Continents Pays % Correct
Asie Chine
100%
Afrique Égypte
100%
Afrique Benin
67%
Océanie Fidji
67%
Europe Grèce
67%
Amérique du Nord Mexique
67%
Europe Tchéquie
67%
Asie Turquie
67%
Asie Yemen
67%
Afrique Burundi
33%
Afrique Érythrée
33%
Afrique Guinée
33%
Asie Inde
33%
Afrique Niger
33%
Asie Bruneï
0%
Asie Chypre
0%
Aucun quiz correspondant
Distribution des résultats
% des personnes avec chaque résultat
Percentile par nombre de réponses
Votre historique - résultats
Vous n’avez pas pris ce quiz depuis la dernière actualisation